The orthopaedic physical examination / (Record no. 4084)
[ view plain ]
| 000 -LEADER | |
|---|---|
| fixed length control field | 00729pam a2200229 a 4500 |
| 001 - CONTROL NUMBER | |
| control field | 1199684 |
| 005 - DATE AND TIME OF LATEST TRANSACTION | |
| control field | 20250221201831.0 |
| 008 - FIXED-LENGTH DATA ELEMENTS--GENERAL INFORMATION | |
| fixed length control field | 980723s1999 paua b 001 0 eng c |
| 020 ## - INTERNATIONAL STANDARD BOOK NUMBER | |
| International Standard Book Number | 9780721674377 |
| 050 00 - LIBRARY OF CONGRESS CALL NUMBER | |
| Classification number | RD734.5.P58 |
| Item number | R45 1999 |
| 082 00 - DEWEY DECIMAL CLASSIFICATION NUMBER | |
| Classification number | 616.7/0754 |
| Edition information | 21 |
| 100 1# - MAIN ENTRY--PERSONAL NAME | |
| Personal name | Reider, Bruce. |
| 245 14 - TITLE STATEMENT | |
| Title | The orthopaedic physical examination / |
| Statement of responsibility, etc. | Bruce Reider ; photographs by David Christopher. |
| 260 ## - PUBLICATION, DISTRIBUTION, ETC. | |
| Place of publication, distribution, etc. | Philadelphia : |
| Name of publisher, distributor, etc. | W.B. Saunders, |
| Date of publication, distribution, etc. | c1999. |
| 300 ## - PHYSICAL DESCRIPTION | |
| Extent | xiv, 402 p. : |
| Other physical details | ill. ; |
| Dimensions | 29 cm. |
| 650 #0 - SUBJECT ADDED ENTRY--TOPICAL TERM | |
| Topical term or geographic name entry element | Physical orthopedic tests. |
| 650 #0 - SUBJECT ADDED ENTRY--TOPICAL TERM | |
| Topical term or geographic name entry element | Physical diagnosis. |
| 650 12 - SUBJECT ADDED ENTRY--TOPICAL TERM | |
| Topical term or geographic name entry element | Bone Diseases |
| General subdivision | diagnosis. |
| 650 22 - SUBJECT ADDED ENTRY--TOPICAL TERM | |
| Topical term or geographic name entry element | Joint Diseases |
| General subdivision | diagnosis. |
| 650 22 - SUBJECT ADDED ENTRY--TOPICAL TERM | |
| Topical term or geographic name entry element | Physical Examination |
| General subdivision | methods. |
| 942 ## - ADDED ENTRY ELEMENTS (KOHA) | |
| Source of classification or shelving scheme | Library of Congress Classification |
| Koha item type | Books |
| Suppress in OPAC | No |
| 999 ## - | |
| -- | 4084 |
| -- | 4084 |
| Withdrawn status | Lost status | Source of classification or shelving scheme | Damaged status | Not for loan | Collection | Home library | Current library | Shelving location | Date acquired | Total checkouts | Full call number | Barcode | Date last seen | Copy number | Price effective from | Koha item type |
|---|---|---|---|---|---|---|---|---|---|---|---|---|---|---|---|---|
| Library of Congress Classification | Non-fiction | Science Library (Miotso) | Science Library (Miotso) | General stacks | 02/21/2025 | RD734.5 .P58R45 REI | SLM00003549 | 02/21/2025 | 1 | 02/21/2025 | Books |